000 01850nam a2200457Ia 4500
001 dia_5728
003 CHAP
005 20240315125234.0
007 ta
008 220117s2009 mx abdof 001 0 spa d
040 _amxchpua
_cCHAP
090 _aT.C.481
_bM45 SAI
_c2009
245 1 0 _aSistema agroindustrial : península de Yucatán /
_ccoordinador Amilcar Renan Mejenes Quijano ; colaboradores Deyanira Aparicio Bautista...[y otros]
260 _aMéxico :
_bEl autor,
_c2009
300 _a104 hojas :
_bilustraciones, tablas, gráficas, mapas, fotos
336 _2rdacontent
_atexto
_btxt
337 _2rdamedia
_ano mediado
_bn
338 _2rdacarrier
_avolumen
_bnc
500 _aGrado : 6° año Grup : 02 y 04
502 _aViaje de Estudios
_b(SAI) --
_cUACh. Departamento de Ingeniería Agroindustrial,
_d2009
504 _aBibliografía: hoja 103
650 1 3 _aArroz
_97554
650 1 3 _aIndustrias agrícolas
_9159464
_zMéxico
_zYucatán
650 1 3 _aMiel y productos fabricados por abejas
_9143229
650 1 3 _aIndustria del ganado y de la carne
_9153076
_zMéxico
_zYucatán
650 1 3 _aIndustria láctea
_9159463
_zMéxico
_zYucatán
650 1 3 _aLivestock and meat industry
_9153077
_zMexico
_zYucatán
650 1 3 _aMilk industry
_9159465
_zMexico
_zYucatán
650 1 3 _aHoney and bee products
_9147752
650 1 3 _aRice
_9151257
650 1 3 _aAgricultural industry
_9154275
_zMéxico
_zYucatán
700 1 _aMejenes Quijano, Amilcar Renán
_9147387
_ecoordinador
700 1 _aAparicio Bautista, Deyanira
_96202
_ecolaborador
856 4 2 _uhttp://10.13.5.2/ve/TC481SAI/TC481SAI2008-REPORTE.pdf
_yDESCARGAR REPORTE
901 _aT.C.481 M45 SAI 2009
902 _aM
905 _a5232272009 mx dmbl8223123322spa16
942 _2local
942 _cVE
999 _c176748
_d176748